000
00505nam a2200181Ia 4500
008
100917s9999 xx 000 0 und d
082
_b
28595
100
_a
बोरकर लक्ष्मीदास
245
_a
भावधारा
260
_b
रंजना प्रकाशन
_c
1975
300
_a
212
365
_b
15
520
_a
कादंबरी
630
_a
भावधारा
650
_a
कादंबरी
730
_a
भावधारा
942
_c
BOOK
999
_c
633989
_d
633986